000 00991nam a2200265 a 4500
001 000005201
005 20240412074203.0
008 090818t2008 dr a 001 j spa d
020 _a9789945068757
040 _aDO-SdBNP
_bspa
_cBNPHU
082 _aRD863.44
_bM385cr
100 1 _aMartínez, Ana Teresa
_914868
245 1 0 _aCristalitos de vida :
_baprendiendo ciencias de la naturaleza a través del cuento /
_cAna Teresa Martínez Vd. Beltré ; prólogo Joel Rivera.
260 _aSanto Domingo, :
_bMediabyte,
_c2008.
300 _a221 p. :
_bil. ;
_c23 cm.
500 _aIncluye datos biográficos de la autora en las solapas.
650 4 _aCiencias naturales
_xEnseñanza
_xCuentos
_914869
650 0 _aCuentos dominicanos
_9176
650 0 _aCuentos infantiles dominicanos
_9505
650 4 _aLiteratura infantil dominicana
_9441
650 0 _aLiteratura dominicana.
_967
700 1 _aRivera, Joel,
_epról.
_914870
910 _aValidado. Control de calidad EMS.
049 _aBNPD
999 _c5003
_d5003